Sermones varios de las dominicas, que se celebran en el discurso de todo el año

Detalles Bibliográficos
Autor principal: Juan de Jesús María fray s. XVII
Formato: Libro
Lenguaje:Spanish
Publicado: en Pamplona 1719
Materias:
Colección:Banco de datos
Acervo:Biblioteca Armando Olivares Carrillo de la Universidad de Guanajuato. Fondo Conventos
Descripción Física:2 t. f°
Tema general:Homilética
Notas:Marca de fuego: Convento de san Francisco de Irapuato, Gto. (8792)
Marca de fuego: Convento de san Pedro de Alcántara de Guanajuato, Gto. (8791)
Ex libris manuscrito: "Este libro pertenece ael Convto. de Sn. Pedro de Alcantara de esta ciudad de Guanaxuato. pusolo el H.Pr.Fr. Miguel de Ocio siendo guardian Año de 1747. Ay excommunion mayor reservada â su santidad para quien lo hurtare de dicho convto." (8791)
Daños en la portada (8791)
Daños en la encuadernación (8792)
LEADER 01692nam a22002410004500
035 |a 4845 
041 0 |a spa 
050 4 |a BV4207  |b J8 
100 1 |a Juan de Jesús María  |c fray  |d s. XVII 
245 1 0 |a Sermones varios de las dominicas, que se celebran en el discurso de todo el año  |c su autor el M.R.P.Fr. Juan de Jesus Maria, del orden de descalzos de la Santissima Trinidad Redencion de Cautivos... 
260 |a en Pamplona  |b por Francisco Picart, impressor y librero  |c 1719 
300 |a 2 t.  |c f° 
500 |a Marca de fuego: Convento de san Francisco de Irapuato, Gto. (8792) 
500 |a Marca de fuego: Convento de san Pedro de Alcántara de Guanajuato, Gto. (8791) 
500 |a Ex libris manuscrito: "Este libro pertenece ael Convto. de Sn. Pedro de Alcantara de esta ciudad de Guanaxuato. pusolo el H.Pr.Fr. Miguel de Ocio siendo guardian Año de 1747. Ay excommunion mayor reservada â su santidad para quien lo hurtare de dicho convto." (8791) 
500 |a Daños en la portada (8791) 
500 |a Daños en la encuadernación (8792) 
505 0 0 |a t.1 Contiene veinte y seis sermones, desde la dominica primera de adviento, hasta el domingo de resurreccion inclusivè: con cinco sermones sobre los cinco panes de la real, y divina mesa del desierto en la dominica quarta de Quaresma: y tres indices; el primero de Anti-Logias, que vàn explicadas, y conciliadas en los sermones. El segundo, de los textos principales de la Escritura. El tercero de las cosas mas notables  
650 1 0 |a Homilética 
949 |a CO. t. 1 (8791, 8792) 
942 |c GUANAJUATO 
943 |g Biblioteca Armando Olivares Carrillo de la Universidad de Guanajuato. Fondo Conventos 
999 |c 1148802  |d 1148802